| 000 | 00467nam a2200193Ia 4500 | ||
|---|---|---|---|
| 005 | 20250423101526.0 | ||
| 008 | 250422s9999 xx 000 0 und d | ||
| 020 | _a9780073107684 | ||
| 050 | _aTJ 265 .C46/ | ||
| 100 | _aCengel, Yunus A. | ||
| 245 | 0 | _aThermodynamics : an engineering approach | |
| 250 | _a5th ed. | ||
| 260 | _aNew York | ||
| 260 | _bMcGraw-Hill Companies | ||
| 260 | _c2006 | ||
| 300 | _a988 p | ||
| 650 | _aThermodynamics. | ||
| 942 | _cBK | ||
| 999 |
_c36542 _d36542 |
||